Slaves of New York : stories /

Bibliographic Details
Main Author: Janowitz, Tama
Format: Book
Language:English
Published: New York : Crown Publishers, [1986]
Edition:1st ed.
Subjects:

MARC

Tag First Indicator Second Indicator Subfields
LEADER 00000pam a2200000 a 4500
001 in00000420313
005 20151012055111.0
008 860326s1986 nyu 00011 eng
010 |a  86008812  
020 |a 0517561077 
035 |a (OCoLC)13426131 
035 |9 ABU9548AM 
039 0 |a 2  |b 3  |c 3  |d 3  |e 3 
040 |a DLC  |c DLC  |d TXA  |d UtOrBLW 
049 |a TXAM  |c [A09792512] 
050 0 0 |a PS3560.A535  |b S56 1986 
082 0 |a 813/.54  |2 19 
100 1 |a Janowitz, Tama. 
245 1 0 |a Slaves of New York :  |b stories /  |c by Tama Janowitz. 
250 |a 1st ed. 
264 1 |a New York :  |b Crown Publishers,  |c [1986] 
264 4 |c ©1986 
300 |a 278 pages ;  |c 24 cm. 
336 |a text  |b txt  |2 rdacontent 
337 |a unmediated  |b n  |2 rdamedia 
338 |a volume  |b nc  |2 rdacarrier 
651 0 |a New York (N.Y.)  |v Fiction. 
999 |a MARS 
999 f f |s 2238c54f-7cfe-3c82-9707-a5d3a19a9af3  |i 8fbdd1e4-2849-36c1-8b11-154cc9100e81  |t 0 
952 f f |p ric  |a Texas A&M University  |b Rellis Campus  |c Joint Library Facility  |d Remote Storage  |t 0  |e PS3560.A535 S56 1986  |h Library of Congress classification  |i unmediated -- volume  |m A14809792512 
998 f f |a PS3560.A535 S56 1986  |t 0  |l Remote Storage